El estado actual de la teoría del magnetismo / (Record no. 185610)

MARC details
000 -LEADER
campo de control de longitud fija 00846nam a2200205 i 4500
001 - NÚMERO DE CONTROL
campo de control 185610
003 - IDENTIFICADOR DE NÚMERO DE CONTROL
campo de control ES-MaACL
005 - FECHA Y HORA DE LA ÚLTIMA TRANSACCIÓN
campo de control 20251110063234.0
008 - DATOS DE LONGITUD FIJA--INFORMACIÓN GENERAL
campo de control de longitud fija 160728s1919 sp |||| | spa d
100 1# - ENTRADA PRINCIPAL--NOMBRE DE PERSONA
Nombre de persona Cabrera, Blas,
Fechas asociadas al nombre 1878-1945
9 (RLIN) 33279
245 13 - MENCIÓN DEL TÍTULO
Título El estado actual de la teoría del magnetismo /
Mención de responsabilidad, etc. por B. Cabrera.
260 ## - PUBLICACIÓN, DISTRIBUCIÓN, ETC.
Lugar de publicación, distribución, etc. Madrid :
Nombre del editor, distribuidor, etc. Junta para Ampliación de Estudios e Investigaciones Científicas. Instituto Nacional de Ciencias,
Fecha de publicación, distribución, etc. 1919.
300 ## - DESCRIPCIÓN FÍSICA
Extensión 160 p. ;
Dimensiones 22 cm.
490 1# - MENCIÓN DE SERIE
Mención de serie Trabajos del Laboratorio de Investigaciones Físicas. Memorias de información ;
Designación de volumen o secuencia 1
650 #4 - PUNTO DE ACCESO ADICIONAL DE MATERIA--TÉRMINO DE MATERIA
Término de materia o nombre geográfico como elemento de entrada Magnetismo.
9 (RLIN) 14735
710 2# - ENTRADA AGREGADA--NOMBRE DE ENTIDAD CORPORATIVA
Nombre de entidad corporativa o nombre de jurisdicción como elemento de entrada Instituto Nacional de Ciencias Físico-Naturales.
9 (RLIN) 5145
830 10 - PUNTO DE ACCESO ADICIONAL DE SERIE-TÍTULO UNIFORME
Título uniforme Trabajos del Laboratorio de Investigaciones Físicas
Designación de volumen o secuencia 1
9 (RLIN) 192351
852 4# - LOCALIZACIÓN
Ubicación ES-MaACL
Número de control de estantería B-13198(1)
Holdings
Estatus retirado Estado de pérdida Estado de daño No para préstamo Biblioteca de origen Biblioteca actual Ubicación en estantería Fecha de adquisición Fuente de adquisición Total de préstamos Signatura topográfica completa Código de barras Visto por última vez Precio de reemplazo Tipo de ítem Koha
        Biblioteca del Ateneo de Madrid Biblioteca del Ateneo de Madrid Sala Pardo Bazán 28/07/2016     B-13198(1) 1195657 23/02/2023 23/02/2023 Libro impreso